• 首页
  • 本馆介绍
  • 公告通知
  • 最新文献
  • 馆藏检索
  • 电子资源
  • 读者导购
  • 参考咨询
  • 我的图书馆
  • 登录
  • 详细信息显示
  • 放入我的书架
  • 预约/预借图书
  • 作者相关作品
  • 分类相关作品
  • 丛书相关作品
  • 出版社相关作品

书目信息

  • 表格格式
  • 工作单格式
  • 卡片格式
题名:
中国现代寓言集锦
    
 
作者: 金江 编
分册:  
出版信息: 南京   江苏人民出版社  1982.1
页数: 344页
开本: 20cm
丛书名:
单 册:
中图分类: I276.4
科图分类:
主题词: 民间文学--中国
电子资源:
ISBN:
000 00554nam0 2200205 45
001 0312221749
005 20040413110414.9
010    @dCNY1.04
091    @a10100.539
100    @a20031222d1982 km y0chiy0120 ea
101    @achi
105    @a z 000yy
200 1  @a中国现代寓言集锦@AZhong Guo Xian Dai Yu Yan Ji Jin@f金江编@FJin Jiang Bian
210    @a南京@c江苏人民出版社@d1982.1
215    @a344页@d20cm
606 0  @a民间文学@x中国
690    @aI276.4@v3
701 0  @a金江@4编
801    @aCN@bTSTCL@c20031222
905    @dI276.4@e38@f3@b99072-074
    
    中国现代寓言集锦/金江编.-南京:江苏人民出版社,1982.1
    344页;20cm
    
    
    ISBN :CNY1.04
    
●
相关链接 在E读中查询图书 在五车中查询图书 在当当中查询图书 在豆瓣中查询图书


正题名:中国现代寓言集锦     索取号:I276.4/38         预约/预借

序号 登录号 条形码 馆藏地/架位号 状态 备注
1 0099072   000062149   第二借阅区/ [索取号:I276.4/38] 在馆    
2 0099073   000037668   第二借阅区/ [索取号:I276.4/38] 在馆    
3 0099074   000037631   第一样本阅览室/ [索取号:I276.4/38] 在馆    
唐山师范学院图书馆 欢迎您!
大连网信软件有限公司© 版权所有